Introducción a la psicología

Salvato in:
Dettagli Bibliografici
Autore principale: Cohen, John (Autore)
Natura: Libro
Lingua:spagnolo
Pubblicazione: Barcelona Labor 1968
Serie:Nueva Colección Labor, 78
Soggetti:
Tags: Aggiungi Tag
Nessun Tag, puoi essere il primo ad aggiungerne!!

MARC

LEADER 00000nam a2200000 a 4500
001 UCI5474
003 CL-VaPUC
008 080328e19680000SP |||||||||||||||||spa|d
082 0 4 |a 150  |b COH  |2 21 
100 0 |a Cohen, John  |e author  |9 527865 
245 1 0 |a Introducción a la psicología 
300 |a 264 p 
942 |c BK 
945 |d 20080328 00:00:00  |a jtorresc 
260 |a Barcelona  |b Labor  |c 1968 
650 0 |a Psicología cognitiva   |9 306250 
650 0 |a Psicología del niño  |9 307305 
650 7 |a PSICOLOGIA COMPARADA  |2 CL-VaPUC  |9 269754 
650 0 |a Psicología del desarrollo  |9 307541 
583 |a last modification  |c 20130107 12:39:11  |k Rodrigo Vera 
490 0 |a Nueva Colección Labor, 78 
999 |c 329213  |d 329211 
952 |0 0  |1 0  |4 0  |6 150_000000000000000_COH_1968  |7 0  |8 A  |9 413582  |a BIBHIS  |b BIBHIS  |d 2019-11-22  |i 4416651  |o 150 COH 1968  |p 4416651  |r 2025-01-20  |w 2019-11-22  |y BK  |k HIS